Κατάλογος Βιβλιοθηκών Mediterranean College

Reflective Practice and Early Years Professionalism / Second Edition (Record no. 3124)

MARC details
000 -LEADER
fixed length control field 01390cam a22002054a 4500
005 - ΗΜΕΡΟΜΗΝΙΑ ΚΑΙ ΩΡΑ ΤΕΛΕΥΤΑΙΑΣ ΕΝΗΜΕΡΩΣΗΣ
Πεδίο ελέγχου 20250605164105.0
008 - FIXED-LENGTH DATA ELEMENTS--GENERAL INFORMATION
Πεδίο ελέγχου σταθερού μήκους 250528s ||||||||||||||||||||||||d
035 ## - SYSTEM CONTROL NUMBER
System control number 17723
020 ## - ISBN
ISBN 9781444167207
040 ## - ΠΗΓΗ ΚΑΤΑΛΟΓΟΓΡΑΦΗΣΗΣ
Φορέας πρωτότυπης καταλογογράφησης MC Athens Campus Library
Γλώσσα καταλογογράφησης Ελληνικά, Μοντέρνα (1453-)
Modifying agency MC Athens Campus Library
Κανόνες περιγραφικής καταλογογράφησης AACR2
245 1# - ΤΙΤΛΟΣ ΚΑΙ ΔΗΛΩΣΗ ΥΠΕΥΘΥΝΟΤΗΤΑΣ
Τίτλος Reflective Practice and Early Years Professionalism / Second Edition
250 ## - EDITION STATEMENT
Edition statement 2nd
260 ## - PUBLICATION, DISTRIBUTION, ETC.
Name of publisher, distributor, etc. Hodder Education,
Date of publication, distribution, etc. 2015
300 ## - PHYSICAL DESCRIPTION
Extent 202
520 ## - SUMMARY, ETC.
Summary, etc. This book provides you with detailed support for developing reflective practice in early years. Acknowledgements, Reflective Practice - What Does it Mean?, Best Professional Practice, Becoming a Reflecting Practitioner, Pedagogy and Reflective Practice, Theoretical Perspectives on Reflective Practice, Reflection as Part of Professionalism, Professional Practice as a Learning Journey, Critical Thinking, Developing as a Reflective Practitioner, A Personal Learning Journey, The Process of Learning, Learning with and From Other People, Continuing Professional Development, Learning from Different Sources, Sharing Best Practice, Working Together in Reflective, The Context of Support, Skills for Effective Communication, Direct Support for Colleagues, The Process of Managing Change, Managing Change, Self-Evaluation within the Team, Using Further Resources, Index.
700 1# - ΠΡΟΣΘΕΤΗ ΑΝΑΓΡΑΦΗ--ΦΥΣΙΚΟ ΠΡΟΣΩΠΟ
Personal name Lindon Jennie
9 (RLIN) 2890
942 ## - ADDED ENTRY ELEMENTS (KOHA)
Koha item type Books
Holdings
Τύπος τεκμηρίου Βιβλιοθήκη Τρέχουσα τοποθεσία Barcode Αριθμός εισαγωγής Ημερομηνία απόκτησης Ταξιθετικό σύμβολο Αριθμός αντιτύπου Κατάσταση απόσυρσης Κατάσταση χαμένου Κατάσταση κατεστραμμένου Μη δανεισμός Σύνολο δανεισμών Ημερομηνία τελευταίας εμφάνισης Η τιμή ισχύει από
Books MC Athens Campus Library MC Athens Campus Library 9780000031235 6105 05/06/2025 372.210941 LIN 1           05/06/2025 05/06/2025

MC Athens Campus Library
Πατησίων 94 & Κοδριγκτώνος 13, 104 34
Πελλήνης 8 & Πατησίων 107, 112 51
Τ: +30 210 8899600

MC Thessaloniki Campus Library
Ίωνος Δραγούμη 21, 54625 | Ίωνος Δραγούμη 15, 54625
Τ: +30 2310 287779 – Τ: +30 2314 440300